000
00324nam a22001457a 4500
008
230130b ||||| |||| 00| 0 eng d
020
_a
9780714119939
041
_a
eng
080
_a
72
082
_a
72TAY
100
_a
19
101
_a
ARK
245
_a
ANCIENT EGYPTIAN BOOK OF THE DEAD
_c
TAYLOR H J
942
_2
udc
_c
BK
999
_c
59293
_d
59293